[Event "BCF-chT4 0506 (4NCL)"]
[Site "West Bromwich"]
[Date "2006.02.11"]
[Round "5.6"]
[White "Chapman, Timothy J"]
[Black "Adami, Mark"]
[Result "1/2-1/2"]
[WhiteElo "1855"]
[BlackElo "1745"]
[PlyCount "73"]
[EventDate "2005.11.05"]
[EventType "team-tourn"]
[EventRounds "11"]
[EventCountry "ENG"]
[SourceTitle "CBM 109 Extra"]
[Source "ChessBase"]
[SourceDate "2006.01.03"]
[SourceVersion "2"]
[SourceVersionDate "2006.01.03"]
[SourceQuality "1"]
[WhiteTeam "Cavendish"]
[BlackTeam "Guildford V"]
[WhiteTeamCountry "ENG"]
[BlackTeamCountry "ENG"]

1. e4 c6 2. d4 d5 3. Nc3 dxe4 4. Nxe4 Nd7 5. Bc4 e6 6. Nf3 Ngf6 7. Ng3 Be7 8. Qe2 0-0 9. 0-0 b5 10. Bd3 Bb7 11. c3 a6 12. Bg5 Nd5 13. Bxe7 Qxe7 14. Bc2 c5 15. Qd3 N5f6 16. Ne5 Rfd8 17. Nxd7 Qxd7 18. Nh5 Nxh5 19. Qxh7+ Kf8 20. Qxh5 cxd4 21. Rfd1 Qc6 22. Qg5 Rd5 23. Qg3 dxc3 24. bxc3 Rad8 25. Bb3 Rd3 26. Qg5 Qxc3 27. Qxd8+ Rxd8 28. Rxd8+ Ke7 29. Rad1 Bd5 30. Rb8 Bxb3 31. axb3 Qxb3 32. Rb7+ Kf6 33. Rbd7 a5 34. R1d3 Qb1+ 35. Rd1 Qe4 36. h4 Qxh4 37. R1d3 1/2-1/2